000
00218nam a2200097Ia 4500
005
20250424112924.0
008
250424s9999 xx 000 0 und d
300
_a
629 p.
650
_a
Business--Periodicals.
942
_c
SR
999
_c
37901
_d
37901